Nederlandse gemeenten die beginnen met een L - Statistieken

Algemene statistieken
  • Deze quiz is 67 keer genomen
  • De gemiddelde score is 11 van 19
Antwoordstatistieken
Nr. Antwoord % Correct
8 Leiden
87%
18 Lopik
83%
15 Lisse
78%
1 Laarbeek
74%
6 Laren
74%
12 Leudal
70%
7 Leeuwarden
65%
9 Leiderdorp
65%
16 Lochem
65%
19 Losser
61%
13 Leusden
57%
4 Landsmeer
52%
10 Leidschendam-Voorburg
52%
3 Landgraaf
48%
11 Lelystad
48%
17 Loon op Zand
48%
14 Lingewaard
39%
5 Landsingerland
26%
2 Land van Cuijk
17%
Geen overeenkomende quizzen gevonden
Scoreverdeling
Procent van Mensen met Elke Score
Percentiel versus Aantal Correcte Antwoorden
Uw Scoregeschiedenis
U heeft deze quiz nog niet genomen